| 000 | 00618nam a2200181Ia 4500 | ||
|---|---|---|---|
| 008 | 090123s9999 xx 000 0 und d | ||
| 082 |
_b3979 _a891.462/कालेल |
||
| 100 | _aकालेलकर मधुसूदन | ||
| 245 | _aहि श्रींची इच्छा | ||
| 250 | _a1 | ||
| 260 |
_bसुलभ मु. _c1975 |
||
| 300 | _a85 | ||
| 600 | _aकालेलकर मधुसूदन | ||
| 630 | _aहि श्रींची इच्छा | ||
| 700 | _aकालेलकर मधुसूदन | ||
| 730 | _aहि श्रींची इच्छा | ||
| 942 | _cBOOK | ||
| 999 |
_c42056 _d42056 |
||